Building sustainable capacity: challenges for the public sector (Record no. 486114)

000 -LEADER
fixed length control field 00471cam a22001217a 4500
008 - FIXED-LENGTH DATA ELEMENTS--GENERAL INFORMATION
fixed length control field 180718b1996 xxu||||| |||| 00| 0 eng d
082 ## - DEWEY DECIMAL CLASSIFICATION NUMBER
Classification number R1 B868
245 ## - TITLE STATEMENT
Title Building sustainable capacity: challenges for the public sector
Statement of responsibility, etc. by Bureau for Policy and Programme Support (BPPS)
260 ## - PUBLICATION, DISTRIBUTION, ETC.
Place of publication, distribution, etc. New York
Name of publisher, distributor, etc. Bureau for Policy and Programme Support (BPPS)
Date of publication, distribution, etc. 1996
300 ## - PHYSICAL DESCRIPTION
Extent 163p
440 ## - SERIES STATEMENT/ADDED ENTRY--TITLE
Title OESP Series Lessons Learned
700 ## - ADDED ENTRY--PERSONAL NAME
Personal name Bureau for Policy and Programme Support (BPPS)
Holdings
Withdrawn status Lost status Damaged status Not for loan Permanent Location Current Location Date acquired Full call number Barcode Date last seen Price effective from Koha item type
        Indian Institute of Public Administration Indian Institute of Public Administration 2018-08-04 R1 B868 GG25639 2018-08-04 2018-08-04 GG

Powered by Koha